000 00405nam a2200157Ia 4500
008 210716s2007 xx 000 0 und d
020 _a9788177584431
041 _aeng
082 _a004.22 COMD
100 _aComer, Douglas E.
245 _aEssentials of computer architecture.
250 _a1
260 _aNew Delhi
_bPearson
_c2007
300 _axxi,330
650 _aComputer Architecture(621.392)
999 _c191877
_d191877